000 00520nam a2200133Ia 4500
008 100328s9999 xx 000 0 und d
082 _b45688
100 _aपारगंावकर ज्ञानेश्वर
245 _aबिगबुल आणि स्मॅालगाय
260 _bमेहता पब्लिशिंग हाऊस
630 _aबिगबुल आणि स्मॅालगाय
730 _aबिगबुल आणि स्मॅालगाय
942 _cBOOK
999 _c533785
_d533782